00401nam a2200145Ia 4500100001600000942000700016654001200023245003200035260003200067082001000099300000800109546001200117999001700129952010900146 aSubbiah K.  cBK aFitten. aFitten tools & practice II bM/s L.S. Bedi & Sons.c2001 a621.9 a160 aENGLISH c30675d30675 001040708AFTaCRCEbCRCEd2023-03-17g3.20i1044l0o621.9 pAFT694r2023-03-17v3.20w2023-03-17yBK